South Eastern Kenya University

Library Online Public Access Catalogue


Stocks, bonds & mutual funds / (Record no. 8189)

MARC details
000 -LEADER
fixed length control field 00457nam a2200157 i 4500
020 ## - INTERNATIONAL STANDARD BOOK NUMBER
International Standard Book Number 0891934049 :
Terms of availability $7.95
050 00 - LIBRARY OF CONGRESS CALL NUMBER
Classification number HG 4921
Item number .N4 1976
100 1# - MAIN ENTRY--PERSONAL NAME
Personal name [Newman, Joseph]
245 10 - TITLE STATEMENT
Title Stocks, bonds & mutual funds /
Statement of responsibility, etc. Joseph Newman, directing editor.
250 ## - EDITION STATEMENT
Edition statement Rev.
260 ## - PUBLICATION, DISTRIBUTION, ETC. (IMPRINT)
Place of publication, distribution, etc. Washington :
Name of publisher, distributor, etc. U.S. News & World Report Books,
Date of publication, distribution, etc. 1976, c1973.
300 ## - PHYSICAL DESCRIPTION
Extent 255 p. :
500 ## - GENERAL NOTE
General note Includes index.
650 #0 - SUBJECT ADDED ENTRY--TOPICAL TERM
General subdivision Handbooks, manuals, etc.
942 ## - ADDED ENTRY ELEMENTS (KOHA)
Source of classification or shelving scheme Library of Congress Classification
Koha item type General circulation
Holdings
Withdrawn status Lost status Source of classification or shelving scheme Damaged status Not for loan Home library Current library Shelving location Date acquired Source of acquisition Total Checkouts Total Renewals Full call number Barcode Date last seen Date last checked out Price effective from Koha item type
    Library of Congress Classification     Main Campus Library Main Campus Library General Stacks 04/08/2015 DONATION FROM BOOKS FOR AFRICA 2 1 HG 4921 .N4 1976 2015/006589 02/03/2016 16/02/2016 04/08/2015 General circulation
Kitui, Kenya.
+254736116989
library@seku.ac.ke